000 01023nam0a22003251 4500
001 RU\NLR\A1SV\54470
005 20260225112254.1
035 _a(NLR Aleph) 009736433
090 _a9927897
_c9927897
100 _a20051222d1926 u y0rusy50 ca
101 0 _arus
102 _aRU
200 1 _aКоллективные хозяйства Вятской губернии
_f[Предисл.: Г.Кровицкий]
210 _aВятка
_cВятск. губком ВКП(б) и ГКК-РКИ
_d1926
215 _a[4], IV, 71 с.
_cтабл.
_d24 см
620 _dКиров
702 1 _aКровицкий
_bГ. А.
_f1901-1937
_gГригорий Аркадьевич
712 0 2 _aВКП(б)
_bВятский губернский комитет
801 0 _aRU
_bNLR
_c20051222
852 _aNLR
_j37/98
852 _aNLR
_j37/98а
899 _aГОПБ
899 _aРГБ
899 _aНБ Бел.
899 _aБАН
942 _cBOOK
980 _aNB
980 _aA1SV
980 _aA1SV